书目信息 |
| 题名: |
中国当代诗选 下
|
|
| 作者: | 陈超 编 | |
| 分册: | 下 | |
| 出版信息: | 石家庄 河北教育出版社 1999.01 |
|
| 页数: | 581-1149页 | |
| 开本: | 19cm | |
| 丛书名: | ||
| 单 册: | ||
| 中图分类: | I227 | |
| 科图分类: | ||
| 主题词: | 新诗--中国--现代--选集 , 新诗 | |
| 电子资源: | ||
| ISBN: | 7-5434-3307-9 | |
| 000 | 00767nam0 2200229 450 | |
| 001 | 010120000116 | |
| 005 | 20081230105751.81 | |
| 010 | @a7-5434-3307-9@b精装@dCNY63.50 | |
| 100 | @a20071226d1999 km y0chiy0120 ea | |
| 101 | 0 | @achi |
| 102 | @aCN@b130000 | |
| 105 | @ay z 000gy | |
| 200 | 1 | @a中国当代诗选 下@Azhong guo dang dai shi xuan xia@f陈超编@h下 |
| 210 | @a石家庄@c河北教育出版社@d1999.01 | |
| 215 | @a581-1149页@d19cm | |
| 330 | @a本书收录郭沫若的《郊原的青草》、《西湖的女神》、《骆驼》;汪静之的《粪水难灾》;冯至的《韩波砍柴》、《我痛苦》、《我同情忧天的杞人》等当代诗作。 | |
| 606 | 0 | @a新诗@y中国@z现代@j选集 |
| 606 | 0 | @a新诗 |
| 690 | @aI227@v4 | |
| 701 | 0 | @a陈超@Achen chao@4编 |
| 801 | 0 | @aCN@bRULIN@c20081230 |
| 905 | @aZUCC@dI227@eC386:2 | |
| 中国当代诗选 下/陈超编.下.-石家庄:河北教育出版社,1999.01 |
| 581-1149页;19cm |
| ISBN 7-5434-3307-9(精装):CNY63.50 |
| 本书收录郭沫若的《郊原的青草》、《西湖的女神》、《骆驼》;汪静之的《粪水难灾》;冯至的《韩波砍柴》、《我痛苦》、《我同情忧天的杞人》等当代诗作。 |
| ● |
| 相关链接 |
|
|
|
正题名:中国当代诗选 下
索取号:I227/C386:2
 
预约/预借
| 序号 | 登录号 | 条形码 | 馆藏地/架位号 | 状态 | 备注 |